[Event "Montreal-ch classe"]
[Site "Montreal"]
[Date "1982.12.03"]
[Round "1"]
[White "Szczepara, Marek"]
[Black "Trudel, Claude"]
[Result "1-0"]
[WhiteElo "1833"]
[BlackElo "1610"]
[PlyCount "53"]
[EventDate "1982.12.03"]
[EventType "swiss"]
[EventRounds "5"]
[EventCountry "CAN"]
[SourceTitle "EXT 2022"]
[Source "ChessBase"]
[SourceDate "2021.10.06"]
[SourceVersion "1"]
[SourceVersionDate "2021.10.06"]
[SourceQuality "1"]

1. d4 d5 2. c4 Nf6 3. Nc3 e6 4. Bg5 Be7 5. e3 Nc6 6. Nf3 Bd7 7. Rc1 0-0 8. Bd3 h6 9. Bf4 Nb4 10. Bb1 dxc4 11. a3 Nbd5 12. Be5 c6 13. Qc2 g6 14. Ne2 b5 15. Nh4 Be8 16. e4 Nxe4 17. Nxg6 Qa5+ 18. Nc3 fxg6 19. Qxe4 Bxa3 20. Qg4 Bxb2 21. Bxg6 Bxc3+ 22. Kd1 Nf6 23. Bh7+ Kxh7 24. Qxe6 Rd8 25. g4 Bxd4 26. Bd6 Bf7 27. Qf5+ 1-0